Semblanzas y recuerdos de los médicos más prestigiosos de la Benificiencia provincial de Madrid fallecidos durante estos últimos 50 años / (Record no. 79241)
[ view plain ]
| 000 -LEADER | |
|---|---|
| campo de control de longitud fija | 00671nam a2200181 i 4500 |
| 001 - NÚMERO DE CONTROL | |
| campo de control | 79241 |
| 003 - IDENTIFICADOR DE NÚMERO DE CONTROL | |
| campo de control | ES-MaACL |
| 005 - FECHA Y HORA DE LA ÚLTIMA TRANSACCIÓN | |
| campo de control | 20251014063133.0 |
| 007 - CAMPO FIJO DE DESCRIPCIÓN FÍSICA--INFORMACIÓN GENERAL | |
| campo de control de longitud fija | t| |
| 008 - DATOS DE LONGITUD FIJA--INFORMACIÓN GENERAL | |
| campo de control de longitud fija | 041020s1918 sp ||||1| spa d |
| 100 1# - ENTRADA PRINCIPAL--NOMBRE DE PERSONA | |
| Nombre de persona | Hergueta y Martín, Simón, |
| Fechas asociadas al nombre | 1852-1930 |
| 9 (RLIN) | 62714 |
| 245 10 - MENCIÓN DEL TÍTULO | |
| Título | Semblanzas y recuerdos de los médicos más prestigiosos de la Benificiencia provincial de Madrid fallecidos durante estos últimos 50 años / |
| Mención de responsabilidad, etc. | Simón Hergueta y Martín. |
| 260 ## - PUBLICACIÓN, DISTRIBUCIÓN, ETC. | |
| Lugar de publicación, distribución, etc. | Madrid : |
| Nombre del editor, distribuidor, etc. | [s.n., |
| Fecha de publicación, distribución, etc. | 1918] ( |
| Fabricante | Imp. Provincial) |
| 300 ## - DESCRIPCIÓN FÍSICA | |
| Extensión | 126 p. ; |
| Dimensiones | 23 cm. |
| 650 #4 - PUNTO DE ACCESO ADICIONAL DE MATERIA--TÉRMINO DE MATERIA | |
| Término de materia o nombre geográfico como elemento de entrada | Médicos- |
| Subdivisión geográfica | España- |
| Subdivisión de forma | Biografías. |
| 9 (RLIN) | 144463 |
| 852 ## - LOCALIZACIÓN | |
| Ubicación | ES-MaACL |
| Número de control de estantería | 1565-F-15 |
| Estatus retirado | Estado de pérdida | Estado de daño | No para préstamo | Colección | Biblioteca de origen | Biblioteca actual | Ubicación en estantería | Fecha de adquisición | Fuente de adquisición | Total de préstamos | Signatura topográfica completa | Código de barras | Visto por última vez | Precio de reemplazo | Tipo de ítem Koha |
|---|---|---|---|---|---|---|---|---|---|---|---|---|---|---|---|
| Colección de folletos | Biblioteca del Ateneo de Madrid | Biblioteca del Ateneo de Madrid | Depósito folletos | 17/01/2008 | 1565-F-15 | 1082868 | 23/02/2023 | 23/02/2023 | Folleto |
